[Event "Polanica Zdroj op 60th"]
[Site "Polanica Zdroj"]
[Date "2024.08.24"]
[Round "8"]
[White "Jarmula, Lukasz"]
[Black "Mastrovasilis, Dimitrios"]
[Result "1-0"]
[WhiteElo "2433"]
[BlackElo "2560"]
[PlyCount "67"]
[EventDate "2024.08.17"]
[EventType "swiss"]
[EventRounds "9"]
[EventCountry "POL"]
[SourceTitle "CB35_2024"]
[SourceDate "2024.08.28"]
[SourceVersion "1"]
[SourceVersionDate "2024.08.28"]
[SourceQuality "1"]

1. Nf3 d5 2. g3 Nf6 3. Bg2 e6 4. 0-0 Be7 5. d4 b5 6. a4 b4 7. c4 bxc3 8. Nxc3 0-0 9. Qc2 Na6 10. Nb5 Bb7 11. Ne5 Nb4 12. Qd1 a6 13. Nc3 c5 14. dxc5 Bxc5 15. Bg5 Be7 16. a5 Nc6 17. Nxc6 Bxc6 18. Qc2 h6 19. Bxf6 Bxf6 20. e4 dxe4 21. Rfd1 Qe7 22. Nxe4 Bxe4 23. Bxe4 Rab8 24. Ra2 Rfc8 25. Qe2 Qa7 26. Bd3 Rd8 27. Rb1 Rd6 28. b4 Rbd8 29. Be4 Rb8 30. b5 axb5 31. Rxb5 Rxb5 32. Qxb5 g6 33. a6 Rb6 34. Qxb6 1-0

[Event "Polanica Zdroj op 60th"]
[Site "Polanica Zdroj"]
[Date "2024.08.17"]
[Round "1"]
[White "Mastrovasilis, Dimitrios"]
[Black "Majocha, Piotr"]
[Result "1-0"]
[WhiteElo "2560"]
[BlackElo "2040"]
[PlyCount "55"]
[EventDate "2024.08.17"]
[EventType "swiss"]
[EventRounds "9"]
[EventCountry "POL"]
[SourceTitle "CB35_2024"]
[SourceDate "2024.08.28"]
[SourceVersion "1"]
[SourceVersionDate "2024.08.28"]
[SourceQuality "1"]

1. Nf3 Nf6 2. c4 e6 3. Nc3 d5 4. e3 c6 5. b3 Nbd7 6. Bb2 Bd6 7. Qc2 0-0 8. Be2 Qe7 9. 0-0 Re8 10. d4 b6 11. Rad1 Bb7 12. Rfe1 Rad8 13. Bf1 c5 14. cxd5 Nxd5 15. Nxd5 exd5 16. g3 Nf6 17. Nd2 Ne4 18. Nxe4 dxe4 19. dxc5 Bxc5 20. Rxd8 Rxd8 21. Rd1 Rxd1 22. Qxd1 h6 23. Bc4 Kh7 24. Qg4 g6 25. Qf4 Bc6 26. Qb8 Qf8 27. Qxa7 Kg8 28. Qc7 1-0

[Event "GRE-chT 51st"]
[Site "Trikala"]
[Date "2024.07.06"]
[Round "3.2"]
[White "Mastrovasilis, Dimitrios"]
[Black "Hristodoulou, Panagiotis"]
[Result "1-0"]
[WhiteElo "2566"]
[BlackElo "2387"]
[PlyCount "31"]
[EventDate "2024.07.04"]
[EventType "team-swiss"]
[EventRounds "7"]
[EventCountry "GRE"]
[SourceTitle "CB29_2024"]
[SourceDate "2024.05.01"]
[SourceVersion "1"]
[SourceVersionDate "2024.05.01"]
[SourceQuality "1"]
[WhiteTeam "Kavalas"]
[BlackTeam "OFI"]
[WhiteTeamCountry "GRE"]
[BlackTeamCountry "GRE"]

1. e4 e6 2. d4 d5 3. Nd2 c5 4. Ngf3 cxd4 5. Nxd4 Nf6 6. exd5 Nxd5 7. Bc4 Nb6 8. Bb5+ Bd7 9. Ne4 Be7 10. Qg4 0-0 11. Bh6 Bf6 12. 0-0-0 Bxb5 13. Nxe6 Qe7 14. Bxg7 Bg5+ 15. N4xg5 fxe6 16. Bxf8 1-0

[Event "GRE-chT Cup 42nd"]
[Site "Trikala"]
[Date "2024.07.03"]
[Round "2.2"]
[White "Mastrovasilis, Dimitrios"]
[Black "Hristodoulou, Panagiotis"]
[Result "1-0"]
[WhiteElo "2566"]
[BlackElo "2387"]
[PlyCount "115"]
[EventDate "2024.07.02"]
[EventType "team-k.o."]
[EventRounds "2"]
[EventCountry "GRE"]
[SourceTitle "CB28_2024"]
[SourceDate "2024.07.10"]
[SourceVersion "1"]
[SourceVersionDate "2024.07.10"]
[SourceQuality "1"]
[WhiteTeam "Kavalas"]
[BlackTeam "OFI"]
[WhiteTeamCountry "GRE"]
[BlackTeamCountry "GRE"]

1. e4 e6 2. d4 d5 3. Nc3 Bb4 4. exd5 exd5 5. Bd3 Nf6 6. Nge2 0-0 7. Bf4 c6 8. a3 Bd6 9. Qd2 Re8 10. f3 b6 11. 0-0 Ba6 12. Rae1 Bxd3 13. Qxd3 Bxf4 14. Nxf4 Qd6 15. Rxe8+ Nxe8 16. g3 Nd7 17. Nd1 Nc7 18. Re1 Re8 19. Rxe8+ Nxe8 20. Ne3 g6 21. Kf2 Nc7 22. h4 h5 23. b3 a5 24. a4 Qf6 25. c3 Nf8 26. Neg2 Kg7 27. Ne3 Kg8 28. Qe2 Nd7 29. Neg2 Kg7 30. Ne1 Qd6 31. Ned3 Kf8 32. Kg2 Qf6 33. Qe3 Qf5 34. b4 f6 35. Nf2 Kf7 36. N4d3 Qe6 37. Qh6 Nf8 38. Qf4 Ne8 39. bxa5 bxa5 40. Qb8 Qe7 41. Qa8 Qc7 42. Nc5 Nd7 43. Ne6 Qb6 44. Nd8+ Kg7 45. Ne6+ Kf7 46. Nd8+ Kg7 47. Qc8 Nb8 48. Nb7 Qc7 49. Qxc7+ Nxc7 50. Nxa5 Ne6 51. Nd3 Kf7 52. Nb7 Ke7 53. Nbc5 Nc7 54. g4 hxg4 55. fxg4 Nba6 56. Nxa6 Nxa6 57. Nb4 Nb8 58. a5 1-0

[Event "Bayern-chI Bank Hofmann 26th"]
[Site "Tegernsee"]
[Date "2023.10.29"]
[Round "2"]
[White "Mastrovasilis, Dimitrios"]
[Black "Hedke, Fred"]
[Result "1-0"]
[WhiteElo "2573"]
[BlackElo "2231"]
[PlyCount "83"]
[EventDate "2023.10.28"]
[EventType "swiss"]
[EventRounds "9"]
[EventCountry "GER"]
[SourceTitle "Mega2024 Update 01"]
[Source "Chessbase"]
[SourceDate "2023.11.12"]
[SourceVersion "1"]
[SourceVersionDate "2023.11.12"]
[SourceQuality "1"]

1. e4 g6 2. d4 Bg7 3. Nf3 d6 4. Bc4 Nf6 5. Qe2 Bg4 6. Nbd2 Nc6 7. c3 0-0 8. h3 Bxf3 9. Nxf3 e5 10. dxe5 Nxe5 11. Nxe5 dxe5 12. Bg5 c6 13. 0-0 h6 14. Rad1 Qe7 15. Bxf6 Bxf6 16. Qg4 Kg7 17. Rd7 h5 18. Rxe7 hxg4 19. Rxb7 gxh3 20. Rd1 Bd8 21. gxh3 Bb6 22. a4 Kh6 23. b4 f5 24. a5 Bd8 25. Rd6 c5 26. Bf7 Kg5 27. Rxg6+ Kf4 28. exf5 Kxf5 29. Rg4 cxb4 30. cxb4 Bg5 31. Bd5 Kf6 32. h4 Bf4 33. Rgg7 Rad8 34. Be4 Rg8 35. Rbf7+ Ke6 36. Re7+ Kf6 37. Ref7+ Ke6 38. Rxa7 Rxg7+ 39. Rxg7 Rd4 40. Bc6 Kd6 41. Rg6+ Kc7 42. b5 1-0

[Event "POL-chT Ekstraliga"]
[Site "Lublin"]
[Date "2023.09.26"]
[Round "9.2"]
[White "Dardha, Daniel"]
[Black "Mastrovasilis, Dimitrios"]
[Result "1/2-1/2"]
[WhiteElo "2586"]
[BlackElo "2589"]
[PlyCount "24"]
[EventDate "2023.09.18"]
[EventType "team-tourn"]
[EventRounds "9"]
[EventCountry "POL"]
[SourceTitle "EXT 2024"]
[Source "ChessBase"]
[SourceDate "2023.10.10"]
[SourceVersion "1"]
[SourceVersionDate "2023.10.10"]
[SourceQuality "1"]
[WhiteTeam "Plock Hetman"]
[BlackTeam "Wroclaw Polonia"]
[WhiteTeamCountry "POL"]
[BlackTeamCountry "POL"]

1. Nf3 d5 2. e3 Nf6 3. c4 e6 4. Nc3 c5 5. cxd5 exd5 6. Bb5+ Nbd7 7. d4 c4 8. 0-0 a6 9. Bxd7+ Bxd7 10. Ne5 Be7 11. b3 0-0 12. Qf3 cxb3 1/2-1/2

[Event "GRE-chT 50th"]
[Site "Nikaia"]
[Date "2023.08.25"]
[Round "1.1"]
[White "Mastrovasilis, Dimitrios"]
[Black "Kourkoulos Arditis, Stamatis"]
[Result "1-0"]
[WhiteElo "2587"]
[BlackElo "2530"]
[PlyCount "118"]
[EventDate "2023.08.25"]
[EventType "team"]
[EventRounds "9"]
[EventCountry "GRE"]
[SourceTitle "EXT 2024"]
[Source "ChessBase"]
[SourceDate "2023.10.10"]
[SourceVersion "1"]
[SourceVersionDate "2023.10.10"]
[SourceQuality "1"]
[WhiteTeam "Kavalas"]
[BlackTeam "Kallithea"]
[WhiteTeamCountry "GRE"]
[BlackTeamCountry "GRE"]

1. e4 e5 2. Nf3 Nc6 3. Bb5 a6 4. Ba4 Nf6 5. 0-0 Bc5 6. c3 b5 7. Bb3 d6 8. a4 Bg4 9. h3 Bxf3 10. Qxf3 Na5 11. Bc2 b4 12. Qd1 Qb8 13. d4 b3 14. dxc5 bxc2 15. Qxc2 Nb3 16. Ra2 Nxc5 17. b4 Ne6 18. Nd2 0-0 19. Nc4 Qb7 20. Re1 Rab8 21. Qe2 Rfe8 22. Kh2 Nf4 23. Qf3 Qc8 24. Bxf4 Qe6 25. Bxe5 Qxc4 26. Bxf6 Qxa2 27. Qg3 g6 28. Qf4 Re6 29. e5 dxe5 30. Rxe5 Rc8 31. a5 h6 32. Rc5 Qc2 33. Bd4 g5 34. Qg3 c6 35. b5 axb5 36. a6 Qe4 37. a7 Qf4 38. Qxf4 gxf4 39. Rf5 Ra8 40. Rxf4 Rd6 41. Rg4+ Rg6 42. Re4 Re6 43. Rg4+ Rg6 44. Re4 Re6 45. Rxe6 fxe6 46. Kg3 e5 47. Bc5 Kf7 48. Kf3 Ke6 49. Ke4 h5 50. g3 Re8 51. h4 Kd7 52. f3 Rg8 53. Kxe5 Kc7 54. g4 hxg4 55. fxg4 Kb7 56. Kf4 Rd8 57. g5 Rd5 58. g6 Rxc5 59. g7 Rc4+ 1-0

[Event "FIDE World Cup"]
[Site "Baku"]
[Date "2023.08.04"]
[Round "2.3"]
[White "Mastrovasilis, Dimitrios"]
[Black "Vidit, Santosh Gujrathi"]
[Result "1/2-1/2"]
[WhiteElo "2587"]
[BlackElo "2719"]
[PlyCount "41"]
[EventDate "2023.07.30"]
[EventType "k.o."]
[EventRounds "8"]
[EventCountry "AZE"]
[SourceTitle "EXT 2024"]
[Source "ChessBase"]
[SourceDate "2023.10.10"]
[SourceVersion "1"]
[SourceVersionDate "2023.10.10"]
[SourceQuality "1"]

1. e4 e5 2. Nf3 Nc6 3. d4 exd4 4. Bc4 Bb4+ 5. c3 dxc3 6. 0-0 Nf6 7. e5 d5 8. exf6 dxc4 9. fxg7 Rg8 10. Qxd8+ Nxd8 11. Nxc3 Bxc3 12. bxc3 f6 13. Bh6 Kf7 14. Nd4 Kg6 15. Bf4 Rxg7 16. Rfe1 a6 17. Re8 Bd7 18. Rf8 Rf7 19. Rg8+ Rg7 20. Rf8 Rf7 21. Rg8+ 1/2-1/2

[Event "FIDE World Cup"]
[Site "Baku"]
[Date "2023.08.04"]
[Round "2.6"]
[White "Vidit, Santosh Gujrathi"]
[Black "Mastrovasilis, Dimitrios"]
[Result "1/2-1/2"]
[WhiteElo "2719"]
[BlackElo "2587"]
[PlyCount "94"]
[EventDate "2023.07.30"]
[EventType "k.o."]
[EventRounds "8"]
[EventCountry "AZE"]
[SourceTitle "EXT 2024"]
[Source "ChessBase"]
[SourceDate "2023.10.10"]
[SourceVersion "1"]
[SourceVersionDate "2023.10.10"]
[SourceQuality "1"]

1. d4 d5 2. c4 e6 3. Nc3 Nf6 4. cxd5 exd5 5. Bg5 Be7 6. e3 Bg4 7. Qc2 0-0 8. Bd3 Nbd7 9. h3 Be6 10. f4 h6 11. Bh4 Ne4 12. Bxe7 Qxe7 13. Nf3 Ndf6 14. Ne5 Bf5 15. 0-0 c6 16. g4 Nxc3 17. Bxf5 Nce4 18. Qg2 Nd6 19. Bd3 Nfe4 20. Rf3 Rfe8 21. h4 f6 22. Ng6 Qf7 23. f5 c5 24. dxc5 Nxc5 25. Rd1 Rac8 26. b3 Nxd3 27. Rxd3 Rc1+ 28. Rf1 Rxf1+ 29. Qxf1 Qc7 30. Nf4 Qc2 31. Qe2 Qc1+ 32. Rd1 Qxe3+ 33. Qxe3 Rxe3 34. Rxd5 Rg3+ 35. Kh2 Rxg4 36. Ne6 Nf7 37. Kh3 h5 38. Rc5 Nd6 39. Rd5 Nf7 40. Rc5 Ne5 41. Rc8+ Kf7 42. Rc7+ Kg8 43. Rxb7 Nf3 44. Rxa7 Ng1+ 45. Kh2 Nf3+ 46. Kh3 Ng1+ 47. Kh2 Nf3+ 1/2-1/2

[Event "FIDE World Cup"]
[Site "Baku"]
[Date "2023.08.04"]
[Round "2.7"]
[White "Vidit, Santosh Gujrathi"]
[Black "Mastrovasilis, Dimitrios"]
[Result "1-0"]
[WhiteElo "2719"]
[BlackElo "2587"]
[PlyCount "79"]
[EventDate "2023.07.30"]
[EventType "k.o."]
[EventRounds "8"]
[EventCountry "AZE"]
[SourceTitle "EXT 2024"]
[Source "ChessBase"]
[SourceDate "2023.10.10"]
[SourceVersion "1"]
[SourceVersionDate "2023.10.10"]
[SourceQuality "1"]

1. e4 c5 2. Nf3 e6 3. Nc3 a6 4. Be2 b5 5. 0-0 Bb7 6. d4 cxd4 7. Qxd4 Nc6 8. Qe3 Qc7 9. Rd1 Ne5 10. Nxe5 Qxe5 11. Qb6 Bc6 12. Be3 Nf6 13. Bd4 Qb8 14. Qxb8+ Rxb8 15. e5 Nd5 16. Nxd5 Bxd5 17. a4 Be7 18. axb5 axb5 19. Ra7 h5 20. Be3 h4 21. Bf3 Bxf3 22. Rdxd7 Bh5 23. Rxe7+ Kf8 24. Reb7 Rd8 25. h3 Kg8 26. Rxb5 Bg6 27. Rc5 Rh5 28. Kh2 Kh7 29. b4 Rd1 30. b5 Rb1 31. Ra3 Be4 32. Rb3 Rxb3 33. cxb3 Kg6 34. b6 Rh8 35. Rc7 Rb8 36. Rc4 Kf5 37. f3 Bd5 38. Rf4+ Kxe5 39. Rxf7 Rc8 40. b7 1-0

[Event "FIDE World Cup"]
[Site "Baku"]
[Date "2023.08.02"]
[Round "2.1"]
[White "Vidit, Santosh Gujrathi"]
[Black "Mastrovasilis, Dimitrios"]
[Result "1/2-1/2"]
[WhiteElo "2719"]
[BlackElo "2587"]
[PlyCount "61"]
[EventDate "2023.07.30"]
[EventType "k.o."]
[EventRounds "8"]
[EventCountry "AZE"]
[SourceTitle "EXT 2024"]
[Source "ChessBase"]
[SourceDate "2023.10.10"]
[SourceVersion "1"]
[SourceVersionDate "2023.10.10"]
[SourceQuality "1"]

1. d4 d5 2. c4 e6 3. Nc3 Nf6 4. Bg5 Be7 5. Nf3 h6 6. Bh4 dxc4 7. e3 c5 8. Bxc4 cxd4 9. Nxd4 Bd7 10. 0-0 Nc6 11. Nf3 0-0 12. Rc1 Nh5 13. Bxe7 Qxe7 14. Qe2 Rfd8 15. a3 Be8 16. Bd3 Nf6 17. Bb1 a6 18. b4 Na7 19. Qb2 Rac8 20. h3 Rc7 21. Ne5 Rdc8 22. Rfd1 Nb5 23. Nxb5 Bxb5 24. e4 Ba4 25. Re1 Nd7 26. Rxc7 Rxc7 27. Nd3 Bb5 28. Rc1 Nb6 29. Nc5 Na4 30. Nxa4 Bxa4 31. Bd3 1/2-1/2

[Event "Sharjah Masters 6th"]
[Site "Sharjah"]
[Date "2023.05.25"]
[Round "9"]
[White "Mastrovasilis, Dimitrios"]
[Black "Mishra, Abhimanyu"]
[Result "1/2-1/2"]
[WhiteElo "2603"]
[BlackElo "2550"]
[PlyCount "153"]
[EventDate "2023.05.17"]
[EventType "swiss"]
[EventRounds "9"]
[EventCountry "UAE"]
[SourceTitle "CBM 215"]
[Source "ChessBase"]
[SourceDate "2023.08.31"]
[SourceVersion "1"]
[SourceVersionDate "2023.08.31"]
[SourceQuality "1"]

1. e4 c5 2. Nf3 d6 3. d4 cxd4 4. Nxd4 Nf6 5. Nc3 a6 6. Be3 e5 7. Nf3 Be7 8. Bc4 0-0 9. 0-0 Nc6 10. Bb3 h6 11. Nh4 Na5 12. Ng6 Nxb3 13. Bb6 Qxb6 14. Nxe7+ Kh8 15. Ned5 Nxd5 16. Nxd5 Qd4 17. cxb3 Qxe4 18. Nc7 Rb8 19. Qxd6 Bf5 20. Rfe1 Rfd8 21. Qxe5 Qxe5 22. Rxe5 Bg6 23. Rae1 Rd2 24. R5e2 Rd7 25. Re7 Rbd8 26. f3 Rxe7 27. Rxe7 Rd2 28. Ne8 Rxb2 29. Rxb7 Rxa2 30. Nd6 a5 31. Nxf7+ Bxf7 32. Rxf7 Rb2 33. Ra7 Rxb3 34. Rxa5 Rb2 35. h4 Rb4 36. h5 Kg8 37. Kh2 Rb2 38. Rf5 Ra2 39. Kh3 Rb2 40. g3 Rb4 41. f4 Rb3 42. Re5 Ra3 43. Kg2 Kf7 44. Kf2 Rb3 45. g4 Rb1 46. Re1 Rb3 47. Re3 Rb1 48. Kg2 Ra1 49. Rc3 Rb1 50. Kf3 Rg1 51. Rc6 Kf8 52. Rc7 Kg8 53. Rc5 Kf7 54. Rc6 Kf8 55. Rc2 Kf7 56. Rg2 Ra1 57. g5 hxg5 58. fxg5 Ra3+ 59. Kg4 Ra4+ 60. Kg3 Ra3+ 61. Kh4 Ra4+ 62. Rg4 Ra1 63. Rf4+ Kg8 64. g6 Ra8 65. Kg5 Ra5+ 66. Kg4 Ra8 67. Rd4 Rf8 68. Kg5 Rf1 69. Rd8+ Rf8 70. Rxf8+ Kxf8 71. Kf5 Kg8 72. Ke6 Kh8 73. Ke7 Kg8 74. Ke8 Kh8 75. h6 Kg8 76. h7+ Kh8 77. Kf8 1/2-1/2

[Event "Sharjah Masters 6th"]
[Site "Sharjah"]
[Date "2023.05.24"]
[Round "8"]
[White "Sethuraman, SP."]
[Black "Mastrovasilis, Dimitrios"]
[Result "1/2-1/2"]
[WhiteElo "2626"]
[BlackElo "2603"]
[PlyCount "73"]
[EventDate "2023.05.17"]
[EventType "swiss"]
[EventRounds "9"]
[EventCountry "UAE"]
[SourceTitle "CBM 215"]
[Source "ChessBase"]
[SourceDate "2023.08.31"]
[SourceVersion "1"]
[SourceVersionDate "2023.08.31"]
[SourceQuality "1"]

1. d4 d5 2. c4 e6 3. Nf3 Nf6 4. g3 Bb4+ 5. Nc3 0-0 6. Bg2 dxc4 7. 0-0 Nc6 8. Re1 Rb8 9. e4 b5 10. a3 Be7 11. Bf4 a6 12. Qd2 Na5 13. Rad1 Bb7 14. h4 Nb3 15. Qc2 h6 16. Bh3 Bd6 17. Be3 Qe8 18. Nd2 Nxd2 19. Rxd2 e5 20. dxe5 Bxe5 21. Bc5 Bd6 22. Bxd6 cxd6 23. Rxd6 Qe5 24. Qd2 Rfe8 25. Bg2 a5 26. f4 Qc5+ 27. Qd4 Qxd4+ 28. Rxd4 b4 29. axb4 axb4 30. Na2 Rbd8 31. Rxd8 Rxd8 32. Nxb4 Rd2 33. Nd5 Nxd5 34. exd5 Bxd5 35. Bxd5 Rxd5 36. Rc1 Rd2 37. Rxc4 1/2-1/2

[Event "Sharjah Masters 6th"]
[Site "Sharjah"]
[Date "2023.05.23"]
[Round "7"]
[White "Adhiban, Baskaran"]
[Black "Mastrovasilis, Dimitrios"]
[Result "1-0"]
[WhiteElo "2589"]
[BlackElo "2603"]
[PlyCount "73"]
[EventDate "2023.05.17"]
[EventType "swiss"]
[EventRounds "9"]
[EventCountry "UAE"]
[SourceTitle "CBM 215"]
[Source "ChessBase"]
[SourceDate "2023.08.31"]
[SourceVersion "1"]
[SourceVersionDate "2023.08.31"]
[SourceQuality "1"]

1. d4 d5 2. c4 e6 3. g3 Nf6 4. Bg2 Be7 5. Nf3 0-0 6. 0-0 c6 7. Nc3 Nbd7 8. Bf4 Nh5 9. Bc1 Nhf6 10. Bf4 Nh5 11. e3 Nxf4 12. gxf4 b6 13. cxd5 cxd5 14. Rc1 Bb7 15. Kh1 Rc8 16. Rg1 b5 17. Nxb5 Qa5 18. Nc3 Bb4 19. Qa4 Bxc3 20. Qxd7 Bxb2 21. Rb1 Rc7 22. Qd6 Rc2 23. Bh3 g6 24. Bxe6 Qb6 25. Qxb6 axb6 26. Bd7 Ra8 27. a4 Bc8 28. Bxc8 Raxc8 29. Kg2 R8c6 30. Rgd1 Ba3 31. Ne5 R6c3 32. Rd3 Rxd3 33. Nxd3 Rd2 34. Ne5 Be7 35. Nf3 Ra2 36. Rxb6 Rxa4 37. Rb5 1-0

[Event "Sharjah Masters 6th"]
[Site "Sharjah"]
[Date "2023.05.20"]
[Round "4"]
[White "Mastrovasilis, Dimitrios"]
[Black "Petkov, Momchil"]
[Result "1/2-1/2"]
[WhiteElo "2603"]
[BlackElo "2522"]
[PlyCount "53"]
[EventDate "2023.05.17"]
[EventType "swiss"]
[EventRounds "9"]
[EventCountry "UAE"]
[SourceTitle "CBM 215"]
[Source "ChessBase"]
[SourceDate "2023.08.31"]
[SourceVersion "1"]
[SourceVersionDate "2023.08.31"]
[SourceQuality "1"]

1. e4 c5 2. Nf3 Nc6 3. Bb5 e6 4. 0-0 Nge7 5. c3 a6 6. Ba4 b5 7. Bc2 Bb7 8. Re1 Rc8 9. a4 Ng6 10. Na3 b4 11. Nc4 Na5 12. Nxa5 Qxa5 13. d3 Bd6 14. Bd2 0-0 15. Rc1 Bf4 16. cxb4 cxb4 17. Bxf4 Nxf4 18. Qd2 f5 19. Qxf4 fxe4 20. Qe5 Rc5 21. Qd4 exf3 22. Qxd7 Bc8 23. Qe7 Rf7 24. Qe8+ Rf8 25. Qe7 Rf7 26. Qe8+ Rf8 27. Qe7 1/2-1/2

[Event "ITA-chT GpB 54th"]
[Site "Bacoli"]
[Date "2023.04.28"]
[Round "6"]
[White "Fier, Alexandr"]
[Black "Mastrovasilis, Dimitrios"]
[Result "1/2-1/2"]
[WhiteElo "2599"]
[BlackElo "2603"]
[PlyCount "70"]
[EventDate "2023.04.25"]
[EventType "team-tourn"]
[EventRounds "7"]
[EventCountry "ITA"]
[SourceTitle "CBM 213 Extra"]
[Source "ChessBase"]
[SourceDate "2023.05.31"]
[SourceVersion "1"]
[SourceVersionDate "2023.05.31"]
[SourceQuality "1"]
[WhiteTeam "Lazio Scacchi"]
[BlackTeam "Partenopea"]
[WhiteTeamCountry "ITA"]
[BlackTeamCountry "ITA"]

1. e4 e5 2. Nf3 Nc6 3. Bc4 Nf6 4. d3 Bc5 5. c3 h6 6. 0-0 Bb6 7. a4 a6 8. Re1 d6 9. Nbd2 0-0 10. h3 Ne7 11. d4 Ng6 12. a5 Ba7 13. Bb3 Re8 14. Bc2 Bd7 15. Nf1 Bc6 16. Ng3 d5 17. Nxe5 Nxe5 18. dxe5 Nxe4 19. Bxe4 dxe4 20. Qh5 e3 21. Bxe3 Qd5 22. Qf3 Qxe5 23. Qg4 Bxe3 24. Rxe3 Qg5 25. Qxg5 hxg5 26. Rae1 Rxe3 27. Rxe3 Rd8 28. f3 Kf8 29. Kf2 Rd5 30. b4 b6 31. axb6 cxb6 32. Ne2 Bd7 33. Nd4 a5 34. bxa5 Rxa5 35. Re2 Rc5 1/2-1/2

[Event "ITA-chT GpB 54th"]
[Site "Bacoli"]
[Date "2023.04.28"]
[Round "5"]
[White "Peng, Li Min"]
[Black "Mastrovasilis, Dimitrios"]
[Result "1/2-1/2"]
[WhiteElo "2549"]
[BlackElo "2603"]
[PlyCount "21"]
[EventDate "2023.04.25"]
[EventType "team-tourn"]
[EventRounds "7"]
[EventCountry "ITA"]
[SourceTitle "CBM 213 Extra"]
[Source "ChessBase"]
[SourceDate "2023.05.31"]
[SourceVersion "1"]
[SourceVersionDate "2023.05.31"]
[SourceQuality "1"]
[WhiteTeam "Etna Scacchi"]
[BlackTeam "Partenopea"]
[WhiteTeamCountry "ITA"]
[BlackTeamCountry "ITA"]

1. d4 d5 2. c4 c6 3. Nf3 Nf6 4. e3 e6 5. Nbd2 Nbd7 6. Bd3 Bd6 7. 0-0 0-0 8. e4 e5 9. exd5 cxd5 10. cxd5 exd4 11. Ne4 1/2-1/2

[Event "ITA-chT GpB 54th"]
[Site "Bacoli"]
[Date "2023.04.27"]
[Round "4"]
[White "Mastrovasilis, Dimitrios"]
[Black "Iturrizaga Bonelli, Eduardo"]
[Result "1/2-1/2"]
[WhiteElo "2603"]
[BlackElo "2637"]
[PlyCount "50"]
[EventDate "2023.04.25"]
[EventType "team-tourn"]
[EventRounds "7"]
[EventCountry "ITA"]
[SourceTitle "CBM 213 Extra"]
[Source "ChessBase"]
[SourceDate "2023.05.31"]
[SourceVersion "1"]
[SourceVersionDate "2023.05.31"]
[SourceQuality "1"]
[WhiteTeam "Partenopea"]
[BlackTeam "Palermitano CPS"]
[WhiteTeamCountry "ITA"]
[BlackTeamCountry "ITA"]

1. e4 c5 2. Nf3 e6 3. d4 cxd4 4. Nxd4 a6 5. c4 Nf6 6. Nc3 Bb4 7. Qd3 d6 8. Nc2 Bxc3+ 9. Qxc3 0-0 10. f3 d5 11. e5 Nfd7 12. cxd5 exd5 13. Be3 Nc6 14. f4 Re8 15. Be2 Nf8 16. 0-0 Bf5 17. Nb4 Rc8 18. Nxc6 Rxc6 19. Qb4 Qc8 20. Rac1 Be4 21. Bf3 Bxf3 22. Rxc6 bxc6 23. Rxf3 Ng6 24. Bf2 Qf5 25. h3 h5 1/2-1/2

[Event "EU-ch 23rd"]
[Site "Vrnjacka Banja"]
[Date "2023.03.10"]
[Round "8"]
[White "Mastrovasilis, Dimitrios"]
[Black "Parkhov, Yair"]
[Result "0-1"]
[WhiteElo "2599"]
[BlackElo "2485"]
[PlyCount "106"]
[EventDate "2023.03.03"]
[EventType "swiss"]
[EventRounds "11"]
[EventCountry "SRB"]
[SourceTitle "CBM 213"]
[Source "ChessBase"]
[SourceDate "2023.04.30"]
[SourceVersion "1"]
[SourceVersionDate "2023.04.30"]
[SourceQuality "1"]

1. e4 e5 2. Nf3 Nf6 3. d4 Nxe4 4. Bd3 d5 5. Nxe5 Nd7 6. Nxd7 Bxd7 7. 0-0 Bd6 8. Nc3 Nxc3 9. bxc3 0-0 10. Qh5 f5 11. Re1 g6 12. Qf3 c6 13. Bf4 Qc7 14. Be5 Rae8 15. Qf4 Bxe5 16. dxe5 c5 17. Rab1 Rf7 18. h4 Rfe7 19. Bf1 Bc6 20. h5 Rxe5 21. hxg6 hxg6 22. Re3 R5e7 23. Qxc7 Rxc7 24. Rxe8+ Bxe8 25. g3 Bf7 26. Bg2 Kf8 27. a4 Ke7 28. Kf1 Kd6 29. Ke2 Be8 30. a5 Bc6 31. Rh1 Re7+ 32. Kd2 c4 33. Rh6 Re6 34. Bh3 Bd7 35. f4 Rf6 36. Rh7 a6 37. Bg2 Bc6 38. Rh8 Kc5 39. Bf3 Rd6 40. Ke3 Re6+ 41. Kd2 b6 42. axb6 Kxb6 43. g4 a5 44. Rh6 Bd7 45. gxf5 gxf5 46. Rh7 Bc6 47. Rf7 a4 48. Rf8 a3 49. Rb8+ Kc5 50. Rb1 d4 51. cxd4+ Kxd4 52. c3+ Kc5 53. Be2 Re7 0-1

[Event "EU-ch 23rd"]
[Site "Vrnjacka Banja"]
[Date "2023.03.09"]
[Round "7"]
[White "Navara, David"]
[Black "Mastrovasilis, Dimitrios"]
[Result "1/2-1/2"]
[WhiteElo "2685"]
[BlackElo "2599"]
[PlyCount "131"]
[EventDate "2023.03.03"]
[EventType "swiss"]
[EventRounds "11"]
[EventCountry "SRB"]
[SourceTitle "CBM 213"]
[Source "ChessBase"]
[SourceDate "2023.04.30"]
[SourceVersion "1"]
[SourceVersionDate "2023.04.30"]
[SourceQuality "1"]

1. c4 e6 2. Nc3 d5 3. d4 Nf6 4. cxd5 exd5 5. Bg5 c6 6. e3 h6 7. Bh4 Be7 8. Bd3 Ne4 9. Bxe7 Qxe7 10. Nge2 Bf5 11. Bxe4 Bxe4 12. Nxe4 Qxe4 13. 0-0 0-0 14. b4 a6 15. Qb1 Qe7 16. a4 Nd7 17. b5 axb5 18. axb5 c5 19. dxc5 Nxc5 20. Qb2 Rxa1 21. Rxa1 Ne6 22. Rd1 Rd8 23. h3 Qc5 24. h4 Qc4 25. Nd4 Rc8 26. Nf5 Rd8 27. f3 Qc5 28. Kf2 Qc4 29. Rd2 Qc5 30. b6 Qa5 31. g4 Qc5 32. Rc2 Qa5 33. Rd2 Qc5 34. Kg2 Qa5 35. Rd1 Qc5 36. Rc1 Qa5 37. Rd1 Qc5 38. h5 Qc4 39. Kg3 Qc5 40. Rc1 Qa5 41. Ra1 Qc5 42. Rd1 Qc4 43. Rc1 Qd3 44. Qe5 Qd2 45. Rg1 Re8 46. g5 hxg5 47. h6 f6 48. Qd6 Qb2 49. Qd7 Qe5+ 50. f4 Qxf5 51. h7+ Kxh7 52. Rh1+ Kg8 53. Qxe8+ Nf8 54. Qb8 Qe6 55. fxg5 Qxe3+ 56. Kh2 Qf2+ 57. Kh3 Qf3+ 58. Kh2 Qf2+ 59. Kh3 Qf3+ 60. Kh2 Qh5+ 61. Kg2 Qxg5+ 62. Qg3 Qd2+ 63. Qf2 Qg5+ 64. Qg3 Qd2+ 65. Qf2 Qg5+ 66. Qg3 1/2-1/2